Virginia Woolf Novels - Statistics

General Stats
  • This quiz has been taken 186 times
  • The average score is 6 of 10
Answer Stats
First Published Answer % Correct
1925 Mrs. Dalloway
95%
1927 To the Lighthouse
91%
1928 Orlando
86%
1931 The Waves
78%
1922 Jacob's Room
52%
1915 The Voyage Out
45%
1937 The Years
43%
1941 Between the Acts
39%
1919 Night and Day
39%
1933 Flush
32%
No matching quizzes found
Score Distribution
Percent of People with Each Score
Percentile by Number Answered
Your Score History
You have not taken this quiz